| 000 | 00456nam a2200169Ia 4500 | ||
|---|---|---|---|
| 008 | 240729s9999 xx 000 0 und d | ||
| 022 | _a2090-6277 | ||
| 245 | 0 | _aJournal of Advanced Veterinary Research | |
| 260 | _aEgypt | ||
| 260 | _bAssiut University | ||
| 650 | _a Animal culture | ||
| 650 | _a Veterinary medicine | ||
| 650 | _aAgriculture | ||
| 856 | _uhttps://doaj.org/toc/0e3c5db21120490f9d4efd26dca3bd74 | ||
| 942 | _2ddc | ||
| 942 | _cDOAJEJ | ||
| 999 |
_c72226 _d72226 |
||
| 945 |
_a1 _bMadushi Gamage _c1 _dMadushi Gamage |
||